000
00249 a2200085 4500
020
_a
9783038603153
100
_a
Steve Lawrence and Benjamin Stæhli
245
_a
Montessori Architecture: A Design Instrument for Schools
260
_b
Park Books
_c
2023
999
_c
13275
_d
13275